000 00564nam a22001577a 4500
999 _c534694
_d534694
020 _qHard Cover.
082 _a624.1
100 _aKhan, Yousef Jamal
245 _aProspects of infrastructure development with parallel economy using bot project delivery method /
_cYousef Jamal Khan.
260 _aIslamabad:
_bSCEE - NUST,
_c2013.
300 _a 192 p. :
_bill. ;
_c30cm.
942 _2ddc
_cTHE
650 _aConstruction Engineering and Management MS-Thesis.
_917023
700 _aDr. Hamza Farooq
_927180